|
|
|
|
| LEADER |
01643nam a22003853i 4500 |
| 001 |
EBC6637529 |
| 003 |
MiAaPQ |
| 005 |
20231204023216.0 |
| 006 |
m o d | |
| 007 |
cr cnu|||||||| |
| 008 |
231204s2019 xx o ||||0 eng d |
| 020 |
|
|
|a 9789048540020
|q (electronic bk.)
|
| 035 |
|
|
|a (MiAaPQ)EBC6637529
|
| 035 |
|
|
|a (Au-PeEL)EBL6637529
|
| 035 |
|
|
|a (OCoLC)1104134869
|
| 040 |
|
|
|a MiAaPQ
|b eng
|e rda
|e pn
|c MiAaPQ
|d MiAaPQ
|
| 082 |
0 |
|
|a 650.071/1
|
| 100 |
1 |
|
|a Barlaeus, Corinna.
|
| 245 |
1 |
4 |
|a The Wise Merchant.
|
| 250 |
|
|
|a 1st ed.
|
| 264 |
|
1 |
|a Amsterdam :
|b Amsterdam University Press,
|c 2019.
|
| 264 |
|
4 |
|c Ã2019.
|
| 300 |
|
|
|a 1 online resource (134 pages)
|
| 336 |
|
|
|a text
|b txt
|2 rdacontent
|
| 337 |
|
|
|a computer
|b c
|2 rdamedia
|
| 338 |
|
|
|a online resource
|b cr
|2 rdacarrier
|
| 505 |
0 |
|
|a Intro -- Contents -- Acknowledgements -- Introduction: wealth, knowledge and prestige -- Principles of this edition and translation -- Mercator sapiens: text and translation -- Bibliography -- Index.
|
| 588 |
|
|
|a Description based on publisher supplied metadata and other sources.
|
| 590 |
|
|
|a Electronic reproduction. Ann Arbor, Michigan : ProQuest Ebook Central, 2023. Available via World Wide Web. Access may be limited to ProQuest Ebook Central affiliated libraries.
|
| 655 |
|
4 |
|a Electronic books.
|
| 700 |
1 |
|
|a Post, Anna-Luna.
|
| 700 |
1 |
|
|a Vermeulen, Corinna.
|
| 776 |
0 |
8 |
|i Print version:
|a Barlaeus, Corinna
|t The Wise Merchant
|d Amsterdam : Amsterdam University Press,c2019
|
| 797 |
2 |
|
|a ProQuest (Firm)
|
| 856 |
4 |
0 |
|u https://ebookcentral.proquest.com/lib/matrademy/detail.action?docID=6637529
|z Click to View
|